| 000 | 01033nas a2200289 4500 | ||
|---|---|---|---|
| 001 | BR7806856 | ||
| 003 | BR-BrBNA | ||
| 005 | 20231205083536.0 | ||
| 007 | ta | ||
| 008 | 230509b bl.|||p| |||| 00| 00por d | ||
| 040 |
_aBR-BrBNA _bpor _cBiblioteca Nacional de Agricultura |
||
| 041 | _a(Pt) | ||
| 072 | _aM10 | ||
| 100 | 1 | _aPeixoto, J.T. | |
| 100 | 1 | _aGurgel, J.J.S. | |
| 111 | 1 |
_a1. Seminario Latinoamericano de Agricultura _cMaracay (Venezuela) _d5 Nov 1977 |
|
| 245 | 1 | _aSobre a producao e distribuicao de alevinos pelas estacoes de piscicultura do DNOCS em 1976 [Departamento Nacional de Obras Contra as Secas, peixe, Regiao nordeste, Brasil] | |
| 650 | _aPISCICULTURA | ||
| 650 | _aVIVEIRO | ||
| 650 | _aALEVINO | ||
| 650 | _aPEIXE DE AGUA DOCE | ||
| 650 | _aCRIACAO | ||
| 650 | _aREGIAO NORDESTE | ||
| 773 | 0 |
_tBoletim Tecnico - Departamento Nacional de Obras Contra as Secas (Brazil) _xISSN 0374-6658 _g(Jan 1978), v. 36(1) p. 5-14 _wBR7806856 |
|
| 909 |
_a202311 _bLúcia _c55 _dLúcia Elande |
||
| 942 |
_2AGRIS _n0 _cANA |
||
| 999 |
_c99538 _d99538 |
||